000
002620000a22000970004500
100
1
_a
Robinson, Bernard P.
245
1
0
_a
Moses at the burning bush
300
_a
Núm 75 (1997), Páginas 107-122
773
0
_t
Journal for the Study of the Old Testament
942
_c
ANA
999
_c
54857
_d
54857